Introducción al pensamiento marxista

Furkejuvvon:
Bibliográfalaš dieđut
Váldodahkkit: París, Carlos (autor), Del Real, A (Dahkki), De Soveral, B (Dahkki), Estévez, Lois (Dahkki), Legaz Lacambra, Luis (Dahkki), Guerra campos, José (Dahkki)
Eará dahkkit: Lucas Verdú, Pablo (autor)
Materiálatiipa: Girji
Giella:espánnjágiella
Almmustuhtton: Madrid Guadarrama 1961
Ráidu:Textos Universitarios, 3
Fáttát:
Fáddágilkorat: Lasit fáddágilkoriid
Eai fáddágilkorat, Lasit vuosttaš fáddágilkora!

MARC

LEADER 00000nam a2200000 a 4500
001 UCY8308
003 CL-VaPUC
008 950703e19610000SP |||||||||||||||||spa|d
082 0 4 |a 335.4  |b PAR  |2 21 
100 |a París, Carlos  |e autor  |9 388181 
700 0 |a Del Real, A  |e author  |9 339591 
700 |a Lucas Verdú, Pablo   |e autor  |9 393280 
700 0 |a De Soveral, B  |e author  |9 339593 
700 0 |a Estévez, Lois  |e author  |9 339594 
700 |a Legaz Lacambra, Luis  |e author  |9 393604 
700 0 |a Guerra campos, José  |e author  |9 339596 
245 1 0 |a Introducción al pensamiento marxista 
300 |a 249 p 
942 |c BK 
945 |d 19950703 00:00:00  |a rbrito 
260 |a Madrid  |b Guadarrama  |c 1961 
650 7 |a MARXISMO  |2 CL-VaPUC  |9 339597 
650 0 |a Filosofía marxista  |9 337959 
650 0 |a Economía marxista  |9 311435 
583 |a last modification  |c 19950703 00:00:00  |k Rodrigo Vera 
490 0 |a Textos Universitarios, 3 
999 |c 235577  |d 235575 
952 |0 0  |1 0  |4 0  |6 335_400000000000000_PAR_1961  |7 0  |8 A  |9 243101  |a BIBHIS  |b BIBHIS  |d 2019-11-18  |i 3097196  |o 335.4 PAR 1961  |p 3097196  |r 2025-01-20  |w 2019-11-18  |y BK  |k HIS 
952 |0 0  |1 0  |4 0  |6 335_400000000000000_PAR_1961  |7 0  |8 P  |9 243102  |a BIBEDU  |b BIBEDU  |c BIBEDU_PB  |d 2019-11-18  |i 3115917  |o 335.4 PAR 1961  |p 3115917  |r 2024-01-25  |w 2019-11-18  |y BK  |k FIL